000 00548nam a2200193 a 4500
008 990114s1997 m yxo p r y 0 slo c
020 _a8096737651
_c39
040 _aSNK
_bslo
_cSNK
_eAACR2
041 1 _aslo
_ager
044 _axo
_cSK
080 _a803.0-5(035)
100 1 _aŠtvrtecký, Ľuboš
_4aut
245 1 0 _aStručný prehľad nemeckej gramatiky
_cĽuboš Štvrtecký
250 _a2. upr. vyd.
260 _aBratislava
_bPETRUS
_c1997
300 _a60 s.
_btab.
_c21 cm
650 0 7 _anemčina
_xgramatika
_xpríručky
_2SNK
958 _aAPP
999 _c19198
_d19198